000 00383nam a2200121Ia 4500
008 220620s9999||||xx |||||||||||||| ||und||
245 0 _aModelling, Simulation and Identification
546 _aEnglish[eng]
650 _aComputer modelling & simulation
700 _aMohamed, Azah
856 _uhttps://mts.intechopen.com/storage/books/6116/authors_book/authors_book.pdf
942 _cEB
999 _c28037
_d28037